La cura per me - Giorgia - Statistics

Statistiche generali
  • Questo quiz è stato fatto 87 volte
  • Il punteggio medio è 227 su 297
Statistiche sulle risposte
Risposta % Corretto
no,
98%
No
98%
se
98%
a
96%
i
96%
la
96%
me
96%
Per
96%
per
96%
cura
94%
non
92%
Non
92%
o
92%
so
92%
tu
92%
Che
90%
che
90%
Di
90%
di
90%
Ma
90%
sei
90%
da
88%
e
86%
E
86%
è
86%
Più
86%
più
86%
un
86%
ho
84%
luna
84%
fanno
82%
occhi,
82%
occhi
82%
quegli
82%
sola
82%
una
82%
volte
82%
In
80%
paura
80%
quante
80%
questa
80%
ti
80%
cercato,
78%
cercato
78%
come
78%
ne
78%
rimanere
78%
buia
76%
io
76%
Solo
76%
stanza
76%
Su
76%
mi
75%
verità
75%
aspettato
73%
bugia
73%
normalità
73%
si
73%
fare
71%
ingoiare
71%
follia
69%
tutta
69%
Dirti
67%
hai
67%
Dentro
65%
dentro
65%
cambierà
63%
carezza
63%
finire
63%
giù
63%
sorriso
63%
viso
63%
piano
61%
allontano
59%
emozione
59%
mano
59%
notti
59%
sul
59%
vanno
59%
voglia
59%
ascensore
57%
avvicini
57%
lo
57%
questo
57%
stupida
57%
faccia
53%
lacrima
53%
mia
53%
passa
53%
ricordi
53%
Tutto
53%
avventura
51%
gli
49%
Senz′anima
49%
ancora
47%
mare,
47%
nel
47%
rincorrerti
47%
cane
45%
Ogni
45%
il
43%
mai
43%
nessuno
43%
smarrito
43%
anche
41%
rovinare
41%
Seguire
41%
all'infinito
39%
Nascondo
39%
Qualcosa
39%
tua
39%
Voglio
39%
alberi
37%
andare
37%
avanti
37%
dovevo
37%
fino
37%
Ora
37%
sarò
37%
sugli
37%
ombra
35%
ferito
33%
Spengo
33%
salire
31%
scordarti
31%
Trovarti
29%
cielo
27%
Guardando
27%
guardando
27%
stai
27%
sapendo
22%
Nessun quiz corrispondente trovato
Distribuzione punteggi
Percentuale di utenti per punteggio
Percentile per numero di risposta
I tuoi punteggi nel tempo
Non hai fatto questo quiz